The rest of the story: Critical essays on Alice Munro

Na minha lista:
Detalhes bibliográficos
Formato: Livro
Idioma:Undetermined
Publicado em: Ontario, Canada ECW Press 1999
Assuntos:
Tags: Adicionar Tag
Sem tags, seja o primeiro a adicionar uma tag!
Thư viện lưu trữ: Trung tâm Học liệu Trường Đại học Cần Thơ
LEADER 00473nam a2200157Ia 4500
001 CTU_41268
008 210402s9999 xx 000 0 und d
082 |a 813.54 
082 |b R436 
245 4 |a The rest of the story: Critical essays on Alice Munro 
260 |a Ontario, Canada 
260 |b ECW Press 
260 |c 1999 
650 |a munro, alice, 1931- - criticism and interpretation 
904 |i Minh, 010517 
980 |a Trung tâm Học liệu Trường Đại học Cần Thơ